ბათუმის შოთა რუსთაველის სახელმწიფო უნივერსიტეტის ბიბლიოთეკა

Moderne Herausforderungen der Nachbarschafstpolitik von EU im Südkaukasus : (ბიბ.ჩანაწერი № 58927)

000 -ლიდერი
ფიქსირებული სიგრძის საკონტროლო ველი 00919nam a22002177a 4500
003 - საკონტროლო ნომრის იდენტიფიკატორი
საკონტროლო ველი Ge_BSU
005 - ბოლო ოპერაციის თარიღი და დრო
საკონტროლო ველი 20221019170937.0
008 - ფიქსირებული სიგრძის მონაცემთა ელემენტები - ზოგადი ინფორმაცია
ფიქსირებული სიგრძის საკონტროლო ველი 221019s2021 gw ||||| |||| 00| 0 goh d
020 ## - წიგნის საერთაშორისო სტანდარტული ნომერი
International Standard Book Number 9789941269677
041 ## - ენის კოდი
Language code of text/sound track or separate title geo
080 ## - უნივერსალური ათობითი კლასიფიკაციის ინდექსი
Universal Decimal Classification number 327(4) J-24
100 ## - მთავარი ჩანაწერი - პიროვნების სახელი
Personal name Japharidze, Edisher
9 (RLIN) 15376
245 ## - ცნობა სათაურის შესახებ
Title Moderne Herausforderungen der Nachbarschafstpolitik von EU im Südkaukasus :
Remainder of title (Anhand der ofiziellen Quelle der Europäischen Unterlagen) /
Statement of responsibility, etc Edisher Japharidze : Redakteuren: Penka Angelova, Igor Kveselava.
264 ## - წარმოების, გამოცემის, დისტრიბუციის და სხვა ცნობები
გამოცემის, წარმოების, დისტრიბუციის... ადგილი Tbilisi :
გამოცემის, წარმოების, დისტრიბუციის... სახელწოდება Universal,
გამოცემის, წარმოების, დისტრიბუციის... თარიღი 2021.
300 ## - ფიზიკური აღწერა
Extent 152 p. ;
Other physical details 20 cm.
504 ## - BIBLIOGRAPHY, ETC. NOTE
Bibliography, etc ბიბლიოგრაფია: გვ. 145-150.
653 ## - INDEX TERM--UNCONTROLLED
Uncontrolled term ევროკავშირის სამეზობლო პოლიტიკა
700 ## - ADDED ENTRY--PERSONAL NAME
Personal name Angelova, Penka
Relator term რედაქტორი
9 (RLIN) 15377
700 ## - ADDED ENTRY--PERSONAL NAME
Personal name Kveselava, Igor
Relator term რედაქტორი
9 (RLIN) 15378
942 ## - ADDED ENTRY ELEMENTS (KOHA)
Source of classification or shelving scheme
Koha item type წიგნი
ეგზემპლარები
ჩამოწერის სტატუსი დაკარგული ეგზემპლარის სტატუსი კლასიფიკაციის წყარო ან თაროზე გაწყობის სქემა დაზიანების სტატუსი არ გაიცემა მუდმივი მდებარეობა (დაცვის ადგილი) ამჟამინდელი ადგილსამყოფელი თაროზე განთავსების ადგილი შეძენის თარიღი ღირებულება, შესყიდვის ნორმალური ფასი სრული შენახვის შიფრი შტრიხკოდი ბოლო ოპერაციის თარიღი ეგზემპლარის მიმდევრობითი ნომერი (კეტერი?) ფასის ძალაში შესვლის თარიღი ეგზემპლარის სახეობა საჯარო შენიშვნა
          ბათუმის შოთა რუსთაველის სახელმწიფო უნივერსიტეტის მთავარი ბიბლიოთეკა ბათუმის შოთა რუსთაველის სახელმწიფო უნივერსიტეტის მთავარი ბიბლიოთეკა წიგნსაცავი 2022-10-19 7.00 327(4) J-24 63112 2022-10-19 63112 2022-10-19 წიგნი 7 ლ.
          ბათუმის შოთა რუსთაველის სახელმწიფო უნივერსიტეტის მთავარი ბიბლიოთეკა ბათუმის შოთა რუსთაველის სახელმწიფო უნივერსიტეტის მთავარი ბიბლიოთეკა წიგნსაცავი 2025-02-04 6.00 327(4) J-24 70544 2025-02-04 70544 2025-02-04 წიგნი 6 ლ.